Catálogo dos incunábulos (Registo nº 198871)

Detalhes MARC
000 -Etiqueta do registo
Valores 00502nam 22001693 4500
100 ## - Dados gerais de processamento
Dados gerais 20251106d u||y0pory50 ba
200 ## - Titulo e menção de responsabilidade
Título próprio Catálogo dos incunábulos
Primeira menção de responsabilidade elaborado por Narciso de Azevedo
210 ## - Publicação
Local de publicação Porto
Nome do editor Biblioteca Pública Municipal do Porto
Data de publicação 1953
215 ## - Descrição física 
Paginação / Volumes 230 p.
Outras indicações físicas brochado
Dimensões 25 cm
606 ## - Nome comum usado como assunto
ID Autoridade 4525
Palavra de ordem Bibliografias
675 ## - CDU
Notação 01
Edição PT
Língua por
700 ## - Autor principal (pessoa individual)
ID Autoridade 14781
Apelido Azevedo
Nome Narciso de
801 ## - Fonte de origem
País PT
Agência BMMN
Regras de catalogação RPC
830 ## - Notas gerais do catalogador
Criado por Fernando
Indexado por Fernando
990 ## - Elementos KOHA
Tipo de documento Livro
Exemplares
Situação do levantamento Biblioteca de origem Código de barras Cota Permissão de empréstimo Tipo de documento Forma de aquisição
  Biblioteca Municipal de Montemor-o-Novo 27443 01 BIB|DEP   Livro Compra

Powered by Koha